00746nam a22002177a 4500003000400000005001700004008004100021020001500062040000900077100003300086245010200119260003100221300001100252490002100263650003100284650005200315650003900367942001300406999001500419952009400434OSt20131115133719.0130530s1995 sp ||||| |||| 00| 0 spa d a8478804803 cCDMR1 93569aSantos, Félixd1937-10aPeriodistasb: polanquistas, sindicato del crímen, tertulianos y demás tribuscFélix Santos aMadridbTemas de Hoyc1995 a275 p.0 aEspaña Hoyv320493726aPeriodisteszEspanya049396aMitjans de comunicació de massazEspanya0494090aPremsa i políticazEspanya 2udccMON c6359d6359 00104070aCDMRbCDMRd2013-01-16l0oCk 1/10pCDMR13056566r2013-05-30w2013-05-30yMON